[Event "III Open"]
[Site "Bajada de la Virgen ESP"]
[Date "2005.06.14"]
[Round "2"]
[White "Ramos Aguilar,J"]
[Black "Kolev,At"]
[Result "0-1"]
[WhiteElo "2280"]
[BlackElo "2524"]

1.d4 Nf6 2.c4 e6 3.Nc3 Bb4 4.Qc2 O-O 5.a3 Bxc3+ 6.Qxc3 b6 7.Bg5 Bb7 8.e3 d6
9.Ne2 Nbd7 10.Qd3 Ba6 11.Nc3 d5 12.Qc2 Bxc4 13.Bxc4 dxc4 14.Qa4 c5 15.Qxc4 cxd4
16.Qxd4 Qc7 17.O-O Rfc8 18.Rfd1 Qc5 19.Qxc5 Nxc5 20.Bxf6 gxf6 21.Rd6 Rd8
22.Rad1 Rxd6 23.Rxd6 Rc8 24.Kf1 Kf8 25.Ke2 Ke7 26.Rd4 Nd7 27.Kd2 Ne5 28.b3 Rg8
29.Ra4 Rxg2 30.Rxa7+ Kf8 31.Nd1 Rxh2 32.Rb7 h5 33.Rxb6 h4 34.Ke2 h3 35.Rb4 Ng6
36.Rg4 Rh1 37.Rg3 Nh4 38.f4 Nf5 39.Rf3 h2 40.Nf2 Rb1 41.Rh3 Rxb3 42.Rxh2 Rxe3+
43.Kd2 Rxa3 44.Rh8+ Kg7 45.Rb8 Ra2+ 46.Ke1 Nh4 47.Rb4 Nf3+ 48.Kf1 Kg6 49.Nd1 Nh2+
50.Ke1 Ng4 51.Nc3 Rc2 52.Ne4 Ne3  0-1

[Event "Open"]
[Site "Voronezh RUS"]
[Date "2005.06.14"]
[Round "3"]
[White "Bratus,P"]
[Black "Alavkin,A"]
[Result "0-1"]
[WhiteElo "2294"]
[BlackElo "2501"]

1.d4 Nf6 2.c4 e6 3.Nc3 Bb4 4.Qc2 O-O 5.a3 Bxc3+ 6.Qxc3 b5 7.cxb5 c6 8.Bg5 cxb5
9.Qf3 Nc6 10.Bxf6 gxf6 11.Rc1 Bb7 12.Rc3 Kh8 13.e3 f5 14.Qf4 Ne7 15.Qe5+ f6
16.Qxb5 Be4 17.f3 Rb8 18.Qe2 Bc6 19.Rc5 d6 20.Rc2 Ba4 21.Rd2 Rb3 22.Qa6 Qd7
23.Kf2 Rc8 24.Nh3 Rb6 25.Qd3 Rc1 26.e4 Qc7 27.Qe3 Rb3 28.Qh6 Ng8 29.Qf4 e5
30.dxe5 fxe5 31.Qxf5 Qa5 32.Re2 Rxb2 33.Ng5 Qe1+ 34.Ke3  0-1

[Event "Open"]
[Site "Voronezh RUS"]
[Date "2005.06.14"]
[Round "3"]
[White "Kiselev,Vi2"]
[Black "Sambuev,B"]
[Result "1/2-1/2"]
[WhiteElo "2250"]
[BlackElo "2505"]

1.d4 Nf6 2.c4 e6 3.Nc3 Bb4 4.Qc2 O-O 5.a3 Bxc3+ 6.Qxc3 b6 7.Bg5 c5 8.dxc5 bxc5
9.e3 d6 10.Nf3 Nbd7 11.Bd3 Bb7 12.O-O Qc7 13.Rfd1 a5 14.Nd2 Bc6 15.b3 Rfb8
16.f3 Rb6 17.Bc2 Qb7 18.a4 Rb4 19.e4 h6 20.Bh4 d5 21.exd5 exd5 22.Re1 dxc4
23.Nxc4 Nd5 24.Qd3 Nf8 25.Bf2 Nf4 26.Qf5 N4e6 27.Rac1 g6 28.Qf6 Bd5 29.Nd6 Qd7
30.Bg3 Nh7 31.Qe5 Bxb3 32.Bxb3 Rxb3 33.Rcd1 Qa7 34.Qd5 Rb6 35.Rxe6 fxe6 36.Qxe6+ Kf8
37.Qxg6 Qg7 38.Qf5+ Nf6 39.Qxc5 Rxd6 40.Rxd6 Kg8 41.Be5 Rf8 42.Rxf6 Rxf6
43.Qd4 Qe7 44.Qd5+ Qe6 45.Qxe6+ Rxe6 46.Bc3 Re2 47.Bxa5 Ra2 48.Bd8 Rxa4 49.Kf2  1/2-1/2

[Event "Marx Gyorgy Open"]
[Site "Paks HUN"]
[Date "2005.06.18"]
[Round "5"]
[White "Erdos,V"]
[Black "Akesson,R"]
[Result "1/2-1/2"]
[WhiteElo "2480"]
[BlackElo "2461"]

1.d4 Nf6 2.c4 e6 3.Nc3 Bb4 4.Qc2 O-O 5.a3 Bxc3+ 6.Qxc3 b6 7.Bg5 Bb7 8.Nf3 d6
9.Nd2 Nbd7 10.f3 c5 11.dxc5 bxc5 12.e3 Qb6 13.Bd3 a5 14.O-O d5 15.Rac1 d4
16.Qc2 dxe3 17.Bxe3 Ne5 18.Be2 a4 19.Rb1 Qc7 20.Rfd1 Rfb8 21.Qc3 Ned7 22.Bd3 Bc6
23.Bc2 Rb6 24.Nf1 Rab8 25.Bf2 Nh5 26.Rd2 g6 27.Bd1 R6b7 28.Ng3 Nf4 29.Ne2 Nh5
30.Nc1 Qe5 31.Qxe5 Nxe5 32.Rc2 Rd8 33.Be2 Rc8 34.Nd3 Nxd3 35.Bxd3 Nf4 36.Bf1 e5
37.Re1 f6 38.Bxc5 Bxf3 39.Be3 Be4 40.Rf2 Nd3 41.Bxd3 Bxd3 42.Rxf6 Kg7 43.Re6 Rxc4
44.Rxe5 Kf7 45.Rd5 Bf5 46.Rd2 Re7 47.Kf2 Rce4 48.h3 h5 49.Rd6 Rc7 50.Rd2 Rce7
51.Rd6 Rc7 52.Re2 Rce7 53.Rd8 R7e5 54.Re1 Rc4 55.Rd2 Be6 56.Bd4 Rxe1 57.Kxe1 Rc1+
58.Kf2 Bf5 59.Ke3 Rc2 60.Rxc2  1/2-1/2

[Event "Open"]
[Site "Voronezh RUS"]
[Date "2005.06.18"]
[Round "6"]
[White "Kiselev,Vi2"]
[Black "Kostin,Alexe"]
[Result "0-1"]
[WhiteElo "2250"]
[BlackElo "2388"]

1.d4 Nf6 2.c4 e6 3.Nc3 Bb4 4.Qc2 O-O 5.a3 Bxc3+ 6.Qxc3 b5 7.cxb5 c6 8.Bg5 cxb5
9.e3 Bb7 10.Nf3 Nc6 11.Bxb5 Rc8 12.Qd2 Na5 13.Qd3 h6 14.Bxf6 Qxf6 15.Nd2 Qg5
16.Rg1 Rc7 17.b4 Rfc8 18.Ba4 Nc4 19.Nxc4 Rxc4 20.Qd2 Be4 21.Bd1 Qh4 22.Ra2 Qxh2
23.Rf1 Rc1 24.f3 Bd5 25.Rb2 R8c3 26.Kf2 Bc4 27.Re1 Rd3 28.Qxc1 Qh4+ 29.Kg1 Qxe1+
30.Kh2 Rxd1  0-1

[Event "19th Open Pula"]
[Site "Pula CRO"]
[Date "2005.06.20"]
[Round "2"]
[White "Beletic,D"]
[Black "Kveinys,A"]
[Result "0-1"]
[WhiteElo "2233"]
[BlackElo "2539"]

1.d4 Nf6 2.c4 e6 3.Nc3 Bb4 4.Qc2 O-O 5.a3 Bxc3+ 6.Qxc3 b6 7.Bg5 Bb7 8.e3 d6
9.f3 Nbd7 10.Bd3 c5 11.Ne2 Rc8 12.b4 cxd4 13.exd4 Ba6 14.Qb3 d5 15.b5 dxc4
16.Bxc4 Bb7 17.O-O h6 18.Bh4 Qe7 19.Rfe1 g5 20.Bg3 Bd5 21.Bxd5 Nxd5 22.Rac1 N7f6
23.Be5 Qd7 24.f4 Nh7 25.fxg5 hxg5 26.Qd3 Rxc1 27.Rxc1 Rc8 28.Rf1 f6 29.Bg3 Nf8
30.h4 Qh7 31.Qf3 gxh4 32.Qg4+ Qg7 33.Qxh4 Ng6 34.Qe4 Kf7 35.Nc1 Nge7 36.Ne2 Qg6
37.Qf3 Nf5 38.Nf4 Nxd4 39.Qd1 Nxf4 40.Bxf4 Rc2 41.Rf2 Rxf2 42.Kxf2 e5 43.Be3 Qc2+
44.Qxc2 Nxc2 45.a4 Nxe3  0-1

[Event "White Nights"]
[Site "St Petersburg RUS"]
[Date "2005.06.26"]
[Round "9"]
[White "Petrovichev,N"]
[Black "Ivanov,Al3"]
[Result "1-0"]
[WhiteElo "2210"]
[BlackElo "2303"]

1.c4 Nf6 2.Nc3 e6 3.d4 Bb4 4.Qc2 O-O 5.Nf3 c5 6.e3 Nc6 7.Bd3 b6 8.O-O Ba6
9.d5 exd5 10.Nxd5 h6 11.a3 Ba5 12.e4 Rb8 13.e5 Nxd5 14.cxd5 Bxd3 15.Qxd3 Ne7
16.Bf4 b5 17.h4 c4 18.Qe4 Rb6 19.a4 Qa8 20.Rfd1 Rc8 21.Be3 Rb7 22.Qg4 Kh8
23.axb5 Bb4 24.Ra6 Ng8 25.Nd4 c3 26.Nf5 Bf8 27.bxc3 Rxc3 28.b6  1-0

[Event "VISUS Open"]
[Site "Prague CZE"]
[Date "2005.07.04"]
[Round "3"]
[White "Urbanek,S"]
[Black "Priborsky,I"]
[Result "0-1"]
[WhiteElo "2110"]
[BlackElo "2240"]

1.d4 Nf6 2.c4 e6 3.Nc3 Bb4 4.Qc2 O-O 5.a3 Bxc3+ 6.Qxc3 d6 7.Nf3 b6 8.e3 Bb7
9.Be2 Nbd7 10.O-O c5 11.b4 cxd4 12.Qxd4 Qe7 13.Bb2 Rfd8 14.Qh4 Rac8 15.Rac1 Nf8
16.Rfd1 Ng6 17.Qd4 e5 18.Qd2 Ne4 19.Qe1 Ng5 20.Nxg5 Qxg5 21.Rd5 Bxd5 22.cxd5 Ne7
23.e4 Rxc1 24.Bxc1 Qf6 25.Ba6 Ng6 26.Qc3 Qe7 27.a4 h6 28.Be3 Qd7 29.Bb5 Rc8
30.Bc6 Qc7 31.f3 Ne7 32.b5 Ng6 33.Qd2 Nf8 34.a5 Nd7 35.Bxh6 gxh6 36.Qxh6 bxa5
37.Qg5+ Kf8 38.g4 Qd8 39.Qh6+ Kg8 40.Qxd6 Nf8 41.Qxe5 Ng6 42.Qd4 Qh4  0-1

[Event "VISUS Open"]
[Site "Prague CZE"]
[Date "2005.07.05"]
[Round "4"]
[White "Studnicka,T"]
[Black "Rudolf,Mi"]
[Result "1/2-1/2"]
[WhiteElo "2310"]
[BlackElo "2437"]

1.d4 Nf6 2.c4 e6 3.Nc3 Bb4 4.Qc2 O-O 5.a3 Bxc3+ 6.Qxc3 b6 7.Bg5 Ba6 8.Nf3 d6
9.e3 Nbd7 10.Be2 c5 11.dxc5 bxc5 12.Qc2 Qb6 13.O-O Bb7 14.b4 cxb4 15.axb4 a5
16.Bxf6 Nxf6 17.c5 dxc5 18.bxc5 Qc6 19.Rfb1 Rfc8 20.Rb5 Nd7 21.Rbxa5 Rxa5
22.Rxa5  1/2-1/2

[Event "VISUS Open"]
[Site "Prague CZE"]
[Date "2005.07.07"]
[Round "6"]
[White "Gregor,Ji"]
[Black "Rudolf,Mi"]
[Result "1-0"]
[WhiteElo "2214"]
[BlackElo "2437"]

1.d4 Nf6 2.c4 e6 3.Nc3 Bb4 4.Qc2 O-O 5.e4 d6 6.Bd3 e5 7.a3 Bxc3+ 8.bxc3 Nc6
9.Ne2 Nh5 10.O-O b6 11.f4 Ba6 12.Rf3 Na5 13.fxe5 dxe5 14.Rf5 g6 15.Rxe5 Bxc4
16.Rxh5 gxh5 17.Bh6 Re8 18.Ng3 Re6 19.Nf5 Rg6 20.Rf1 Qd7 21.h4 Re8 22.Bg5 f6
23.Nh6+ Kg7 24.e5 fxg5 25.Bxg6 Kxh6 26.hxg5+ Kg7 27.Bxe8 Qxe8 28.Rf6 Nc6
29.Qe4 Ne7 30.e6 Ng6 31.d5 Qb5 32.Rf7+ Kg8 33.Rxc7 Qxd5 34.Qxc4  1-0

[Event "34th TCh-GRE"]
[Site "Ermioni Argolidas GRE"]
[Date "2005.07.09"]
[Round "7"]
[White "Pappas,A"]
[Black "Nikolaidis,I"]
[Result "0-1"]
[WhiteElo "2094"]
[BlackElo "2522"]

1.d4 Nf6 2.c4 e6 3.Nc3 Bb4 4.Qc2 O-O 5.a3 Bxc3+ 6.Qxc3 b6 7.Bg5 Bb7 8.f3 h6
9.Bh4 c5 10.dxc5 bxc5 11.Rd1 Ne4 12.Bxd8 Nxc3 13.Rd3 Nxe2 14.Bc7 Nxg1 15.Rxg1 d5
16.Rb3 Ba6 17.cxd5 Bxf1 18.Rxf1 exd5 19.Bd6 Rc8 20.Rb5 Nd7 21.Rf2 Rc6 22.Bf4 Rb6
23.Ra5 g5 24.Bg3 Re8+ 25.Kd1 a6 26.Rd2 d4 27.b4 cxb4 28.axb4 Rxb4 29.Bd6 Rb1+
30.Kc2 Rb6 31.Rd5 Rc8+ 32.Kd1 Rb1+ 33.Ke2 Nb6 34.R5xd4 Nc4 35.Ra2 Re8+ 36.Kf2 Ne3
37.g4 Re6 38.Bc5 Rh1 39.Rd8+ Kh7 40.Bd4 f6 41.Rd7+ Kg6 42.Kg3 Rg1+ 43.Kh3 Rd1
44.Rb2 Rf1 45.Kg3 Rg1+ 46.Kh3 h5 47.gxh5+ Kxh5 48.Rb8 Rf1 49.Bxe3 Rxf3+ 50.Kg2 Rfxe3
51.Rd4 Re2+ 52.Kg1 Ra2 53.Rh8+ Kg6 54.Rd1 Kg7  0-1

[Event "DMP 1st League"]
[Site "Koszalin POL"]
[Date "2005.07.10"]
[Round "7"]
[White "Nowak,Mal"]
[Black "Kozak,Ma"]
[Result "0-1"]
[WhiteElo "1921"]
[BlackElo "2171"]

1.d4 Nf6 2.c4 e6 3.Nc3 Bb4 4.Qc2 O-O 5.a3 Bxc3+ 6.Qxc3 b6 7.Nf3 Bb7 8.e3 d6
9.b3 Nbd7 10.Be2 Ne4 11.Qc2 f5 12.O-O Qe7 13.Bb2 Rae8 14.a4 a5 15.Rfd1 Ng5
16.Nxg5 Qxg5 17.d5 e5 18.Qc3 Rf6 19.b4 Rg6 20.Bf1 axb4 21.Qxb4 Nc5 22.a5 bxa5
23.Rxa5 Bc8 24.Ra8 Ne4 25.Qe1 Rf8 26.Ba3 f4 27.exf4 Qxf4 28.Rb1 Nxf2 29.Rxc8 Nh3+
30.Kh1 Rxc8 31.Bc1 Qf5 32.Be3 Rf8 33.Rd1 Nf4 34.Bxf4 Qxf4 35.Be2 e4 36.Qf1 Qe3
37.Qe1 Qf2 38.Qxf2 Rxf2 39.Bf1 e3 40.Re1 e2 41.Bxe2 Rgxg2 42.Bf3 Rg5 43.Bd1 Kf7
44.Ba4 Rgg2 45.Bd7 Rxh2+ 46.Kg1 Rfg2+ 47.Kf1 Rh1+ 48.Kxg2 Rxe1  0-1

[Event "27th Open"]
[Site "Oberwart AUT"]
[Date "2005.07.11"]
[Round "3"]
[White "Shengelia,D"]
[Black "Zsinka,L"]
[Result "1-0"]
[WhiteElo "2525"]
[BlackElo "2352"]

1.d4 Nf6 2.c4 e6 3.Nc3 Bb4 4.Qc2 O-O 5.a3 Bxc3+ 6.Qxc3 b5 7.cxb5 c6 8.Bg5 cxb5
9.e3 Bb7 10.f3 a6 11.Bd3 Nc6 12.Ne2 Rc8 13.Qd2 h6 14.Bh4 Ne4 15.Bxd8 Nxd2
16.Kxd2 Rfxd8 17.b4 Kf8 18.Rhb1 Nb8 19.a4 bxa4 20.Nc3 Bc6 21.e4 d6 22.d5 Be8
23.Nxa4 exd5 24.exd5 Rc7 25.Nc3 Rdc8 26.Rb3 Bb5 27.Nxb5 axb5 28.Ra5 Nd7 29.Rxb5 Ne5
30.Ra5 Nc4+ 31.Bxc4 Rxc4 32.Kd3 Rc1 33.Ra2 Ke7 34.b5 Rd1+ 35.Ke4 f5+ 36.Kxf5 Rxd5+
37.Ke4 Re5+ 38.Kf4 Kf6 39.b6 g5+ 40.Kg3 Rb8 41.Ra7 Re7 42.Rxe7 Kxe7 43.Kg4 Kf6
44.Kh5 d5 45.b7 d4 46.g3 Ke5 47.Kxh6 g4 48.fxg4 Ke4 49.g5 d3 50.g6 d2 51.Rb1 Rxb7
52.Rd1 Ke3 53.g7 Rb8 54.Kh7  1-0

[Event "ch-SWE"]
[Site "Goeteborg SWE"]
[Date "2005.07.13"]
[Round "11"]
[White "Akesson,R"]
[Black "Carlsson,P"]
[Result "1-0"]
[WhiteElo "2466"]
[BlackElo "2394"]

1.d4 Nf6 2.c4 e6 3.Nc3 Bb4 4.Qc2 O-O 5.a3 Bxc3+ 6.Qxc3 b6 7.Bg5 d6 8.Nh3 Nbd7
9.f3 h6 10.Bh4 c5 11.e3 Ba6 12.dxc5 bxc5 13.Nf2 Rb8 14.b4 d5 15.b5 Bb7 16.Rc1 Re8
17.Bd3 Ne4 18.Bxd8 Nxc3 19.Bc7 Rbc8 20.Bg3 dxc4 21.Bxc4 Nd5 22.Ke2 N7b6 23.Ba2 Na4
24.Ne4 Red8 25.Rc2 a6 26.Nd6 Rb8 27.Nxb7 Rxb7 28.bxa6 Ra7 29.Bc4 Ndc3+ 30.Kf2 Nd1+
31.Rxd1 Rxd1 32.Bb5 Nb6 33.Rxc5 Rd2+ 34.Ke1 Ra2 35.Rc3 Nd5 36.Rc8+ Kh7 37.a4 f5
38.Bb8 Ra8 39.a7 Nb4 40.e4 Rxg2 41.Rc3 Rb2 42.Kd1 Rb1+ 43.Kd2 f4 44.Ra3 h5
45.Kc3 Nc6 46.Kc2 Nxa7 47.Bxa7 Rh1 48.Bb6 Rxh2+ 49.Kd3 Rb2 50.Rc3 h4 51.Kd4 h3
52.Ke5 h2 53.Rc1 Rb8 54.Bd4 Rd2 55.Rh1 Kg6 56.Bc5 Rc8 57.Be7 Rc7 58.Bh4 Kh5
59.Be1 Rc1 60.Be8+ Kg5 61.Bxd2 Rxh1 62.Bxf4+ Kh4 63.Kxe6 Kh3 64.e5 Re1 65.Bxh2 Kxh2
66.Kd6 Kg3 67.Bc6 Kf4 68.e6 Rd1+ 69.Bd5 Kf5 70.e7  1-0

[Event "Open"]
[Site "Ghent BEL"]
[Date "2005.07.16"]
[Round "2"]
[White "Wubben,M"]
[Black "Goormachtigh,J"]
[Result "0-1"]
[WhiteElo "2225"]
[BlackElo "2244"]

1.d4 Nf6 2.c4 e6 3.Nc3 Bb4 4.Qc2 O-O 5.a3 Bxc3+ 6.Qxc3 b6 7.Bg5 Bb7 8.e3 d6
9.f3 Nbd7 10.Bd3 c5 11.Ne2 Re8 12.O-O h6 13.Bh4 d5 14.dxc5 Nxc5 15.Rfd1 Ba6
16.b3 Nxd3 17.Rxd3 Qe7 18.Bxf6 Qxf6 19.Qxf6 gxf6 20.Ng3 dxc4 21.bxc4 Red8
22.Rad1 Rxd3 23.Rxd3 Bxc4 24.Rd7 f5 25.e4 f4 26.Nh5 e5 27.Nf6+ Kg7 28.Ng4 Be6
29.Rb7 Bc8 30.Rc7 Bxg4 31.fxg4 Rd8 32.Rxa7 Rd4 33.Rb7 Rxe4 34.Rxb6 Re2 35.h4 Re3
36.Rb5 f6 37.h5 Rxa3 38.Rb7+ Kg8 39.Rb8+ Kf7 40.Rb7+ Ke6 41.Rb6+ Kd5 42.Rxf6 Rg3
43.Rxh6 f3 44.Rg6 Rxg2+ 45.Kf1 Ke4 46.Ra6 Kf4 47.h6 Rxg4 48.h7 Rh4 49.Ra7 e4
50.Rb7 Rh1+ 51.Kf2 e3+  0-1

[Event "Open A"]
[Site "Chojnice POL"]
[Date "2005.07.17"]
[Round "3"]
[White "Wypych,D"]
[Black "Smykowski,M"]
[Result "1/2-1/2"]
[WhiteElo "2041"]
[BlackElo "1919"]

1.d4 Nf6 2.c4 e6 3.Nc3 Bb4 4.Qc2 O-O 5.a3 Bxc3+ 6.Qxc3 d5 7.Bg5 c6 8.e3 Nbd7
9.Nf3 Qc7 10.Bf4 Qd8 11.Bd3 dxc4 12.Qxc4 Nb6 13.Qc2 Nbd5 14.Bg3 Qa5+ 15.Qd2 Qxd2+
16.Nxd2 Rd8 17.Rc1 Nh5 18.Bh4 Nhf6 19.Bc4 h6 20.Nf3 g5 21.Bg3 Ne4 22.Bd3 Nd6
23.h4 g4 24.Nd2 Nf5 25.Bxf5 exf5 26.O-O Be6 27.Nc4 f6 28.Rfd1  1/2-1/2

[Event "inAUTOmarket Open"]
[Site "Minsk BLR"]
[Date "2005.07.17"]
[Round "8"]
[White "Kutsankov,V"]
[Black "Kuderinov,K"]
[Result "0-1"]
[WhiteElo "2215"]
[BlackElo "2423"]

1.d4 Nf6 2.c4 e6 3.Nc3 Bb4 4.Qc2 O-O 5.a3 Bxc3+ 6.Qxc3 b6 7.Nf3 Bb7 8.Bg5 h6
9.Bh4 d6 10.Nd2 Nbd7 11.f3 c5 12.e4 Rc8 13.Bf2 d5 14.e5 Ne8 15.cxd5 exd5
16.Bb5 Nc7 17.Bxd7 Qxd7 18.O-O Ne6 19.dxc5 bxc5 20.Rfe1 Qa4 21.b4 d4 22.Qb3 Qd7
23.bxc5 Nxc5 24.Qc4 Rfd8 25.Nb3 Ne6 26.Qb4 Bc6 27.Na5 Bd5 28.Rab1 Qc7 29.Qd2 Qc3
30.Qxc3 Rxc3 31.a4 Ra3 32.Rb4 d3 33.Rd1 a6 34.Be3 Rc8 35.Kf2 Ra2+ 36.Bd2 Rc5
37.Ke3 Rxd2 38.Rxd2 Rxa5 39.Rxd3 Bc6 40.f4 g5 41.g3 Kg7 42.Rd6 Bxa4 43.Rb7 Kg6
44.h4 gxf4+ 45.gxf4 h5 46.Ra7 Bb5 47.Rb6 Ra3+ 48.Ke4 Bd3+ 49.Kd5 Ra5+ 50.Kd6 Nxf4  0-1

[Event "Open A"]
[Site "Pardubice CZE"]
[Date "2005.07.23"]
[Round "2"]
[White "Biriukov,O"]
[Black "Polak,T"]
[Result "1/2-1/2"]
[WhiteElo "2377"]
[BlackElo "2493"]

1.d4 Nf6 2.c4 e6 3.Nc3 Bb4 4.Qc2 O-O 5.a3 Bxc3+ 6.Qxc3 b5 7.cxb5 c6 8.Bg5 cxb5
9.e3 Bb7 10.Nf3 h6 11.Bh4 g5 12.Bg3 Ne4 13.Qc2 Na6 14.Nd2 Rc8 15.Qd1 Nxd2
16.Qxd2 Be4 17.Bd3 Bxd3 18.Qxd3 Qa5+ 19.Qd2 Qa4 20.Rc1 Rc4 21.Rxc4 Qxc4 22.Qc3 Qxc3+
23.bxc3 f5 24.Be5 Rc8 25.Kd2 Rc6 26.a4 b4 27.Rc1 d5 28.cxb4 Rxc1 29.Kxc1 Nxb4
30.Kd2 a6 31.f3 Kf7 32.g4 Kg6 33.h3 Nc6 34.Bc7 h5 35.Kd3 Nb4+ 36.Kc3 Nc6
37.Kd3 Nb4+  1/2-1/2

[Event "Open A"]
[Site "Pardubice CZE"]
[Date "2005.07.24"]
[Round "3"]
[White "Kantorik,M"]
[Black "Petrik,T"]
[Result "1/2-1/2"]
[WhiteElo "2342"]
[BlackElo "2451"]

1.d4 Nf6 2.c4 e6 3.Nc3 Bb4 4.Qc2 O-O 5.a3 Bxc3+ 6.Qxc3 b6 7.Bg5 Bb7 8.f3 h6
9.Bh4 d5 10.e3 Nbd7 11.cxd5 Nxd5 12.Bxd8 Nxc3 13.Bh4 Nd5 14.Bf2 c5 15.e4 Ne7
16.Bb5 Bc6 17.Bxc6 Nxc6 18.dxc5 Nxc5 19.O-O-O Ne5 20.Kb1 Rfd8 21.Ne2 Ncd3
22.Bd4 Rxd4 23.Nxd4 Nf2 24.Nb5 Nxh1 25.Rxh1 a6 26.Nc3 Kf8 27.Rd1 Ke7 28.b3 g5
29.Kb2 Rc8 30.Rd4 Rc6 31.Nd1 h5 32.Nf2 h4 33.Nd3 Kf6 34.Nf2 Ke7 35.Nd3 Nxd3+
36.Rxd3 f5 37.Rc3 Rd6 38.exf5 exf5 39.Kc2 Kf6 40.Rd3 Rc6+ 41.Kd2 Ke5 42.g3 hxg3
43.hxg3 f4 44.g4 Rh6 45.Kc3 Rh2 46.a4 Re2 47.Rd8 Re3+ 48.Rd3 Re2 49.Rd8 Re3+
50.Rd3 Re1 51.Rd8 Rf1 52.Rd3 Rc1+ 53.Kd2 Rc5 54.Rd8 b5 55.axb5 Rxb5 56.Kc3 Rc5+
57.Kd3 a5 58.Re8+ Kd5  1/2-1/2

[Event "Open A"]
[Site "Pardubice CZE"]
[Date "2005.07.24"]
[Round "3"]
[White "Pokorny,P"]
[Black "Pedersen,Jac"]
[Result "1-0"]
[WhiteElo "2251"]
[BlackElo "2181"]

1.d4 Nf6 2.c4 e6 3.Nc3 Bb4 4.Qc2 O-O 5.a3 Bxc3+ 6.Qxc3 b6 7.Bg5 Bb7 8.e3 h6
9.Bh4 Na6 10.Nf3 c5 11.Be2 Rc8 12.b4 d5 13.dxc5 bxc5 14.b5 Nc7 15.Bxf6 Qxf6
16.Qxf6 gxf6 17.O-O dxc4 18.Bxc4 Bd5 19.Be2 a5 20.a4 Na8 21.Rfc1 Bxf3 22.Bxf3 Nb6
23.Kf1 Rfd8 24.Ke1 Kf8 25.Rd1 Ke7 26.Rxd8 Rxd8 27.Rd1 Rxd1+ 28.Bxd1 Kd6 29.Kd2 c4
30.Kc3 Kc5 31.e4 f5 32.f3 fxe4 33.fxe4 f5 34.exf5 exf5 35.g3 Nd5+ 36.Kd2 Kd4
37.Bc2 Nb6 38.Bd1 c3+ 39.Ke2 Nd5 40.Bc2 f4 41.g4 Ne3 42.b6  1-0

[Event "Open A"]
[Site "Pardubice CZE"]
[Date "2005.07.27"]
[Round "6"]
[White "Behm,S"]
[Black "Bromann,T"]
[Result "0-1"]
[WhiteElo "2225"]
[BlackElo "2376"]

1.d4 e6 2.c4 Nf6 3.Nc3 Bb4 4.Qc2 O-O 5.a3 Bxc3+ 6.Qxc3 b6 7.Bg5 Bb7 8.e3 d6
9.f3 Nbd7 10.Bd3 h6 11.Bh4 c5 12.Ne2 Rc8 13.O-O Ba6 14.Rac1 cxd4 15.Qxd4 Nc5
16.b4 Nxd3 17.Qxd3 Rxc4 18.Rxc4 d5 19.Rfc1 Bxc4 20.Qd2 Re8 21.Nd4 Qe7 22.Qf2 a5
23.Qg3 axb4 24.axb4 Kh7 25.Nc6 Qf8 26.Ne5 g5 27.Nxc4 Rc8 28.Qe5 Nd7 29.Qb2 gxh4
30.Qb1+ Kg8 31.Nd2 Rxc1+ 32.Qxc1 Qxb4 33.e4 Qd4+ 34.Kf1 Qd3+ 35.Kf2 Qd4+
36.Ke2 Nc5 37.exd5 Qe5+ 38.Kf1 exd5 39.Qa3 h3 40.g3 d4  0-1

[Event "Open A"]
[Site "Pardubice CZE"]
[Date "2005.07.28"]
[Round "7"]
[White "Kantorik,M"]
[Black "Priborsky,I"]
[Result "1/2-1/2"]
[WhiteElo "2342"]
[BlackElo "2240"]

1.d4 Nf6 2.c4 e6 3.Nc3 Bb4 4.Qc2 O-O 5.a3 Bxc3+ 6.Qxc3 d6 7.Bg5 Nbd7 8.e3 b6
9.Bd3 Bb7 10.f3 c5 11.dxc5 Nxc5 12.Bc2 Rc8 13.Ne2 Ncd7 14.Bxf6 Nxf6 15.Bd3 d5
16.Qb3 Nd7 17.cxd5 Bxd5 18.Qd1 Qh4+ 19.g3 Qf6 20.Nd4 Ne5 21.Be2 Nc4 22.Bxc4 Bxc4
23.b3 e5 24.bxc4 exd4 25.Qxd4 Qxf3 26.Rf1 Qh5 27.Rf2 Qa5+ 28.Kf1 Qa4 29.c5 Qb5+
30.Kg1 bxc5 31.Qd5 Rcd8 32.Qa2 Qd3 33.Qe2 Qd5 34.Rc1 Rc8 35.Qc4 Qxc4 36.Rxc4 Rfe8
37.Rf5 Rxe3 38.Rfxc5 Rxc5 39.Rxc5 g6 40.Ra5 Re7 41.Kf2 Kf8 42.Kf3 Rc7 43.h4 h5
44.Kf4 Rc4+ 45.Kf3 Rc7 46.Kf4 Kg7 47.Ra6 Kf8 48.Ke4 Ke8 49.Ke5 Ke7 50.Ra5  1/2-1/2

[Event "MTO Open"]
[Site "Biel SUI"]
[Date "2005.07.29"]
[Round "11"]
[White "Roiz,M"]
[Black "Alekseev,Evgeny"]
[Result "1/2-1/2"]
[WhiteElo "2593"]
[BlackElo "2625"]

1.d4 Nf6 2.c4 e6 3.Nc3 Bb4 4.Qc2 O-O 5.a3 Bxc3+ 6.Qxc3 b6 7.Nf3 Bb7 8.Bg5 d6
9.Nd2 Nbd7 10.f3 c5 11.dxc5 bxc5 12.e3 a5 13.b3 Qb6 14.Bh4 d5 15.Bf2 Rfd8  1/2-1/2

[Event "Open A"]
[Site "Pardubice CZE"]
[Date "2005.07.29"]
[Round "8"]
[White "Zakhartsov,V"]
[Black "Venkatesh,M"]
[Result "1/2-1/2"]
[WhiteElo "2534"]
[BlackElo "2435"]

1.d4 Nf6 2.c4 e6 3.Nc3 Bb4 4.Qc2 O-O 5.a3 Bxc3+ 6.Qxc3 b6 7.Bg5 Ba6 8.e3 d6
9.Bd3 Nbd7 10.Ne2 h6 11.Bh4 c5 12.b4 cxd4 13.exd4 Rc8 14.Qb3 e5 15.f3 exd4
16.O-O Ne5 17.b5 Bb7 18.Nxd4 d5 19.Bxf6 Qxf6 20.cxd5 Bxd5 21.Qxd5 Rcd8 22.Qe4 Nxd3
23.Qxd3 Rxd4 24.Qc2 Qg5 25.Qc6 Qe3+ 26.Kh1 Ra4 27.Qd6 Qe2 28.Qd5 Rc8 29.Rfc1 Rcc4
30.Re1 Rxa3 31.Qxc4 Qxc4 32.Rxa3 Qb4 33.Raa1 Qxb5 34.Rxa7 g5 35.Raa1 h5 36.Rab1 Qc6
37.Re5 f6 38.Reb5 Kg7 39.Rxb6 Qc3 40.h3 Kg6 41.Rd1 Qe3 42.Rbd6 Kf5 43.R6d4 h4
44.Re4 Qf2 45.Rd5+ Kg6 46.Re6 Qf1+ 47.Kh2 Qc4 48.Rdd6 Qf4+ 49.Kg1 Qc1+ 50.Kf2 Qc2+
51.Kf1 Qc1+ 52.Ke2 Qc2+ 53.Kf1  1/2-1/2

[Event "Open Dutch Championship"]
[Site "Dieren NED"]
[Date "2005.07.30"]
[Round "5"]
[White "De Jong,M"]
[Black "Van der Veen,Jan"]
[Result "1/2-1/2"]
[WhiteElo "2299"]
[BlackElo "2182"]

1.d4 Nf6 2.c4 e6 3.Nc3 Bb4 4.Qc2 O-O 5.a3 Bxc3+ 6.Qxc3 b6 7.Bg5 Bb7 8.Nf3 d6
9.Nd2 c5 10.dxc5 dxc5 11.e3 Nbd7 12.Bd3 Qc7 13.f3 Rad8 14.Bf4 e5 15.Bg3 Nh5
16.Bh4 Rde8 17.O-O-O f5 18.Bc2 g6 19.Rhe1 Nhf6 20.h3 h6 21.Bf2 e4 22.f4 h5
23.Bh4 Rf7 24.Nf1 Re6 25.Nh2 Rd6 26.g4 hxg4 27.hxg4 Rh7 28.Bg3 Kf7 29.Rg1 Rxd1+
30.Bxd1 Qd6 31.Be2 Bc6 32.gxf5 gxf5 33.Nf1 Qf8 34.Bf2 Rg7 35.Ng3 Ke6 36.Rd1 Qe7
37.Nh5 Nxh5 38.Bxh5 Rh7 39.Bg6 Rh6 40.Rg1 Qf6 41.Qxf6+ Kxf6 42.Be8 Ke7 43.Bg6 Kf6
44.Be8 Ke7 45.Bg6  1/2-1/2

[Event "Open A"]
[Site "Pardubice CZE"]
[Date "2005.07.30"]
[Round "9"]
[White "Maiorov,N"]
[Black "Prokuronov,E"]
[Result "1-0"]
[WhiteElo "2453"]
[BlackElo "2232"]

1.d4 Nf6 2.c4 e6 3.Nc3 Bb4 4.Qc2 O-O 5.a3 Bxc3+ 6.Qxc3 b6 7.Bg5 Ba6 8.Qf3 Nc6
9.e3 Bb7 10.Qd1 h6 11.Bh4 d5 12.Nf3 Re8 13.cxd5 exd5 14.Rc1 Re6 15.Bd3 Qe8
16.O-O Ne4 17.Nd2 Nd6 18.b4 Rxe3 19.fxe3 Qxe3+ 20.Kh1 Qxd3 21.Bg3 Qxd4 22.Bxd6 cxd6
23.Nf3 Qxd1 24.Rfxd1 Re8 25.b5 Na5 26.Rc7 a6 27.a4 axb5 28.axb5 d4 29.Nxd4 Re5
30.Kg1 Be4 31.Re1 f5 32.Rd7 Rd5 33.Ne6 Rxb5 34.Rxg7+ Kh8 35.Rg6 Nc4 36.Rxh6+ Kg8
37.Rc1 d5 38.h4 Rb2 39.Rg6+ Kf7 40.h5 Bxg2 41.Nd8+ Ke8 42.Rxg2 Rxg2+ 43.Kxg2 Kxd8
44.Rxc4 dxc4 45.h6  1-0

[Event "Open Dutch Championship"]
[Site "Dieren NED"]
[Date "2005.08.01"]
[Round "6"]
[White "Khmelniker,I"]
[Black "Van Eijk,S"]
[Result "1-0"]
[WhiteElo "2447"]
[BlackElo "2154"]

1.d4 Nf6 2.c4 e6 3.Nc3 Bb4 4.Qc2 O-O 5.a3 Bxc3+ 6.Qxc3 b5 7.cxb5 c6 8.Bg5 h6
9.Bxf6 Qxf6 10.bxc6 Nxc6 11.e3 Bb7 12.Nf3 Rfc8 13.Be2 Qg6 14.O-O Ne5 15.Nh4 Qe4
16.Qb4 Qxh4 17.Qxb7 Rcb8 18.Qc7 Rxb2 19.Rae1 Ng6 20.Qxd7 Qe7 21.Qxe7 Nxe7
22.Bf3 Rc8 23.Rb1 Rcb8 24.Rxb2 Rxb2 25.g3 Ra2 26.Rb1 Rxa3 27.Rb8+ Kh7 28.Rb7 Nf5
29.Be4 h5 30.Rxf7 Kg8 31.Rd7 Ra4 32.Bc2 Ra1+ 33.Kg2 g6 34.e4 Ng7 35.e5 Nf5
36.d5 exd5 37.Rxd5 Kf7 38.Bxf5 gxf5 39.Rd6 Ra5 40.Rf6+ Ke7 41.Rxf5 h4 42.f4  1-0

[Event "FSIMA August"]
[Site "Budapest HUN"]
[Date "2005.08.13"]
[Round "8"]
[White "Wiley,To"]
[Black "Malada,V"]
[Result "1/2-1/2"]
[WhiteElo "2305"]
[BlackElo "2248"]

1.d4 Nf6 2.c4 e6 3.Nc3 Bb4 4.Qc2 O-O 5.a3 Bxc3+ 6.Qxc3 b5 7.cxb5 c6 8.Bg5 cxb5
9.e3 Bb7 10.f3 a6 11.Bd3 Nc6 12.Ne2 Rc8 13.O-O d6 14.Qe1 h6 15.Bh4 g5 16.Bf2 Nh5
17.Rc1 f5 18.Bb1 Ne7 19.Rxc8 Qxc8 20.e4 fxe4 21.fxe4 Qd7 22.Be3 Ng6 23.Rxf8+ Kxf8
24.Nc3 e5 25.Qf2+ Kg7 26.dxe5 dxe5 27.Qf5 Qe8 28.Ba2 Ngf4 29.Bxf4 Nxf4 30.Nd5 Bxd5
31.Bxd5 Ne2+ 32.Kf2 Nd4 33.Qg4 a5 34.h4 Qf8+ 35.Kg1 Qd8 36.hxg5 hxg5 37.g3 b4
38.axb4 axb4 39.Qh5 Qe7 40.Kg2 Qf6 41.Qe8 Qf3+ 42.Kh2 Qf2+ 43.Kh3 Qf1+ 44.Kg4 Qf3+
45.Kh3 Qh1+  1/2-1/2

[Event "ch-FRA"]
[Site "Chartres FRA"]
[Date "2005.08.15"]
[Round "1"]
[White "Vaisser,A"]
[Black "Fontaine,R"]
[Result "1/2-1/2"]
[WhiteElo "2576"]
[BlackElo "2526"]

1.d4 Nf6 2.c4 e6 3.Nc3 Bb4 4.Qc2 O-O 5.e4 d5 6.e5 Ne4 7.Bd3 c5 8.cxd5 exd5
9.Ne2 cxd4 10.Nxd4 Nd7 11.f4 Ndc5 12.O-O Nxd3 13.Qxd3 Bxc3 14.bxc3 Qc7 15.Ba3 Rd8
16.Rac1 Qc4 17.Qc2 Bd7 18.Rf3 Rac8 19.Re3 Re8 20.Qb3 b6 21.h3 f6 22.exf6 Nxf6
23.Re5 Qd3 24.Qc2 Qxc2 25.Rxc2 Ba4 26.Rc1 Ne4 27.Bb2 Nc5 28.Rxd5 Nd3 29.Rb1 Nxf4
30.Rg5 Ne6  1/2-1/2

[Event "14th Open"]
[Site "Kavala GRE"]
[Date "2005.08.16"]
[Round "6"]
[White "Botsari,A"]
[Black "Mastrovasilis,A"]
[Result "0-1"]
[WhiteElo "2297"]
[BlackElo "2495"]

1.d4 Nf6 2.c4 e6 3.Nc3 Bb4 4.Qc2 O-O 5.a3 Bxc3+ 6.Qxc3 b6 7.Bg5 Bb7 8.f3 h6
9.Bh4 d5 10.e3 Re8 11.Bd3 Nc6 12.Ne2 e5 13.dxe5 Nxe5 14.Bxf6 Qxf6 15.cxd5 Rad8
16.Bb5 Re7 17.e4 c6 18.dxc6 Bxc6 19.Bxc6 Rc7 20.O-O Rxc6 21.Qe1 Rc2 22.Rc1 Rxb2
23.Rb1 Nd3 24.Qd1 Qe5 25.h3 Ra2 26.Ra1 Qc5+ 27.Kh2 Qc7+ 28.Kg1 Rc2 29.f4 Nb2
30.Qe1 Rdd2 31.Rc1 Qc5+ 32.Rf2 Rxe2 33.Rxc2 Rxe1+ 34.Kh2 Nc4  0-1